God of War - Who has Kratos killed - Statistics

General Stats
  • This quiz has been taken 1,030 times
  • The average score is 13 of 72
Answer Stats
Game Answer % Correct
God of War III Zeus
92%
God of War Ares
78%
God of War III Hades
72%
God of War (2018) Baldur
71%
God of War III Poseidon
71%
God of War II Athena
62%
God of War III Hermes
62%
God of War (2018) Magni
57%
God of War III Hercules
56%
God of War III Helios
53%
God of War III Cronos
49%
God of War: Ragnarok Heimdall
47%
God of War III Hera
46%
God of War III Gaia
41%
God of War III Hephaestus
28%
God of War Medusa
27%
God of War: Chains of Olympus Persephone
27%
God of War: Ghost of Sparta Thanatos
23%
God of War II Perseus
21%
God of War II Icarus
20%
God of War (2018) Sigrun
20%
God of War (2018) Mimir
18%
God of War II Theseus
18%
God of War III Kratos
12%
God of War II Clotho
10%
God of War II Kraken
9%
God of War: Chains of Olympus Charon
8%
God of War (2018) Eir
8%
God of War: Ascension Alecto
7%
God of War II Euryale
7%
God of War: Ghost of Sparta Scylla
7%
God of War: Ascension Castor
6%
God of War (2018) Gunnr
6%
God of War (2018) Kara
6%
God of War: Ascension Orkos
6%
God of War III Perses
6%
God of War: Ascension Pollux
6%
God of War: Ascension Tisiphone
6%
God of War: Ghost of Sparta Callisto
5%
God of War III Daedalus
5%
God of War: Ghost of Sparta Erinys
5%
God of War (2018) Gondul
5%
God of War (2018) Hildr
5%
God of War: Ragnarok Hrist
5%
God of War: Ascension Megaera
5%
God of War: Ragnarok Nidhogg
5%
God of War (2018) Rota
5%
God of War II Alrik
4%
God of War: Chains of Olympus Basilisk
4%
God of War (2018) Geirdriful
4%
God of War (2018) Olrun
4%
God of War: Ragnarok The Huntress
4%
God of War: Ragnarok Alva
3%
God of War: Betrayal Ceryx
3%
God of War: Ragnarok Fiske
3%
God of War (2018) Mattugr helson
3%
God of War III Minos
3%
God of War (2018) Sigmund
3%
God of War: Ascension Aegaeon
2%
God of War: Ascension Aletheia
2%
God of War II Dark Rider
2%
God of War: Ghost of Sparta Dissenter
2%
God of War: Ragnarok Gulltoppr
2%
God of War (2018) Gunter
2%
God of War: Ragnarok Raven Keeper
2%
God of War: Ragnarok Stinnr
2%
God of War III Aeacus
1%
God of War II Colossus of Roads
1%
God of War: Ragnarok Oluf Nautson
1%
God of War III Perithous
1%
God of War III Rhadamanthus
1%
God of War: Ragnarok Sterker
1%
No matching quizzes found
Score Distribution
Percent of People with Each Score
Percentile by Number Answered
Your Score History
You have not taken this quiz